French grammar drills
Salvato in:
| Autore principale: | |
|---|---|
| Natura: | Libro |
| Lingua: | inglese |
| Pubblicazione: |
Mc Graw- Hill Education
2018
|
| Tags: |
Aggiungi Tag
Nessun Tag, puoi essere il primo ad aggiungerne!!
|
MARC
| LEADER | 00000nam a22000007a 4500 | ||
|---|---|---|---|
| 008 | 210827b ||||| |||| 00| 0 eng d | ||
| 020 | |a 9781260116212 | ||
| 100 | |a KURBEGOV , Eliane | ||
| 245 | |a French grammar drills |c Eliane Kurbegov |g viii,312p | ||
| 250 | |b 3rd edition | ||
| 260 | |b Mc Graw- Hill Education |c 2018 |d Book |h United states |i 696034 |i 696035 |i 696036 |l PC 2112.5.96 |m French language-Grammar-problems,exercise etc |m French language- Textbooks for foreign speakers, - English |m French language |m French language-self- instruction |m French language- Grammar |m Tittle | ||
| 500 | |a " It includes answer key" | ||
| 942 | |a lcc |c BK |e Olagoke,M.A. |f 28/08/2021 | ||
| 952 | |0 0 |1 0 |2 lcc |4 0 |7 0 |9 3267 |a HOL |b ED |c LP |d 2021-08-27 |o PC 2112.5.26 |p 2021-66975 |r 2021-08-27 00:00:00 |t 696034 |w 2021-08-27 |y BK | ||
| 952 | |0 0 |1 0 |2 lcc |4 0 |7 0 |9 3268 |a HOL |b HOL |c LP |d 2021-08-27 |o PC 2112.5.26 |p 2021-66976 |r 2021-08-27 00:00:00 |t 696035 |w 2021-08-27 |y BK | ||
| 952 | |0 0 |1 0 |2 lcc |4 0 |7 0 |9 3269 |a HOL |b HOL |c LP |d 2021-08-27 |o PC 2112.5.26 |p 2021-66977 |r 2021-08-27 00:00:00 |t 696036 |w 2021-08-27 |y BK | ||
| 999 | |c 1635 |d 1635 | ||